[Event "Frankfurter Stadtmeisterschaft 2026 A"]
[Site "Frankfurt am Main"]
[Date "2026.05.18"]
[Round "4.1"]
[White "Dolidze, David"]
[Black "Karsay, Pascal"]
[Result "1/2-1/2"]
[WhiteElo "2073"]
[BlackElo "2412"]
[PlyCount "106"]
[GameId "2309018967400458"]
[EventDate "2026.04.27"]
[WhiteTeam "SC Eschborn 1974"]
[BlackTeam "SV Worms 1878"]

1. b3 Nf6 2. Bb2 c5 3. c4 d5 4. cxd5 Nxd5 5. Nf3 Nc6 6. g3 f6 7. Bg2 e5 8. O-O Be7 9. d3 O-O 10. Nc3 Be6 11. Qd2 Qd7 12. e3 Rad8 13. Nxd5 Bxd5 14. Rfd1 a5 15. Bc3 Ra8 16. Qe2 a4 17. d4 cxd4 18. exd4 e4 19. Nd2 axb3 20. axb3 Rxa1 21. Rxa1 f5 22. Nc4 Qe6 23. Ne3 Bf6 24. Qb5 Nxd4 25. Qxd5 Qxd5 26. Nxd5 Ne2+ 27. Kf1 Nxc3 28. Nxc3 Bxc3 29. Rc1 Bd4 30. Rc4 Rd8 31. g4 b5 32. Rc7 fxg4 33. Bxe4 Be5 34. Rc5 Bxh2 35. Bd5+ Kh8 36. Rxb5 Bf4 37. Be6 g3 38. fxg3 Bxg3 39. Rc5 g6 40. Rc8 Rxc8 41. Bxc8 Kg7 42. Kg2 Bd6 43. Kf3 Kf6 44. Bd7 Kg5 45. Kg2 Kh4 46. Bc8 g5 47. Bd7 h5 48. Bc8 g4 49. b4 Bxb4 50. Bd7 Kg5 51. Bc8 Kf4 52. Bd7 h4 53. Bxg4 Bf8 1/2-1/2

[Event "Frankfurter Stadtmeisterschaft 2026 A"]
[Site "Frankfurt am Main"]
[Date "2026.05.18"]
[Round "4.2"]
[White "Neukirchner, Pascal"]
[Black "Zimmer, Gerald"]
[Result "1-0"]
[WhiteElo "2318"]
[BlackElo "1951"]
[PlyCount "69"]
[GameId "2309018967756811"]
[EventDate "2026.04.27"]
[WhiteTeam "Heilbronner SV"]
[BlackTeam "SC Bergen-Enkheim 1922"]

1. Nf3 Nf6 2. g3 b6 3. Bg2 Bb7 4. O-O g6 5. b3 Bg7 6. Bb2 O-O 7. c4 c5 8. d4 cxd4 9. Qxd4 Nh5 10. Qd2 Nc6 11. Bxg7 Nxg7 12. Rd1 d6 13. Nc3 Qd7 14. e4 Rad8 15. Qh6 f6 16. Bh3 e6 17. Rd2 Qe7 18. Rad1 Ne5 19. Nxe5 dxe5 20. Qe3 Bc6 21. Rd3 Kf7 22. a4 Rxd3 23. Qxd3 Rc8 24. Nb5 Ne8 25. Qe3 Bxb5 26. axb5 Nd6 27. Ra1 Kg7 28. Bf1 Qc7 29. h4 Rd8 30. b4 Nc8 31. c5 Rd4 32. c6 Qd6 33. Qa3 Rxe4 34. Qa6 Qc7 35. Qb7 1-0

[Event "Frankfurter Stadtmeisterschaft 2026 A"]
[Site "Frankfurt am Main"]
[Date "2026.05.18"]
[Round "4.5"]
[White "Poetsch, Hagen"]
[Black "Pozegic, Semso"]
[Result "1-0"]
[WhiteElo "2478"]
[BlackElo "1913"]
[PlyCount "65"]
[GameId "2309018967756814"]
[EventDate "2026.04.27"]
[WhiteTeam "SC Heusenstamm"]
[BlackTeam "SF Frankfurt 1921"]

1. e4 e5 2. d4 exd4 3. Qxd4 Nc6 4. Qe3 Nf6 5. Bd2 Be7 6. Nc3 d5 7. exd5 Nxd5 8. Qe4 Nf6 9. Qa4 Qd4 10. Bb5 Qxa4 11. Bxa4 Bd7 12. O-O-O O-O-O 13. Nf3 Ng4 14. Rhf1 f6 15. Bf4 Bc5 16. Bg3 Rhe8 17. h3 Nge5 18. Rd5 Bb6 19. Nxe5 Nxe5 20. Bxe5 fxe5 21. Bxd7+ Rxd7 22. Rxd7 Kxd7 23. Ne4 c6 24. Kd2 h6 25. Ke2 Rd8 26. g4 Ke7 27. h4 a6 28. h5 Ba7 29. Rg1 Rf8 30. Rd1 Rd8 31. Rxd8 Kxd8 32. Nd6 Ke7 33. Nc8+ 1-0

[Event "Frankfurter Stadtmeisterschaft 2026 A"]
[Site "Frankfurt am Main"]
[Date "2026.05.18"]
[Round "4.6"]
[White "Leimeister, Erhard"]
[Black "Dietze, Frank"]
[Result "1-0"]
[WhiteElo "2209"]
[BlackElo "2051"]
[PlyCount "81"]
[GameId "2309018967756815"]
[EventDate "2026.04.27"]
[WhiteTeam "SV 1934 Ffm-Griesheim"]
[BlackTeam "Wiesbadener SV 1885"]

1. Nf3 Nf6 2. c4 c5 3. g3 g6 4. Bg2 Nc6 5. Nc3 Bg7 6. d4 cxd4 7. Nxd4 O-O 8. O-O Nxd4 9. Qxd4 d6 10. Qd3 Bf5 11. e4 Be6 12. b3 Qa5 13. Bd2 Qh5 14. Rac1 Bh3 15. Nd5 Bxg2 16. Kxg2 Rae8 17. f3 Nxd5 18. cxd5 Rc8 19. Rc2 Rxc2 20. Qxc2 g5 21. g4 Qg6 22. Be3 b6 23. Qd2 h5 24. gxh5 Qxh5 25. Bxg5 f6 26. Be3 Kf7 27. Kh1 Rh8 28. Bf4 f5 29. Qe2 fxe4 30. Qxe4 Qh3 31. Rg1 Bf6 32. Qg6+ Kf8 33. Qg4 Qh5 34. Rc1 Qxd5 35. Bg3 Kf7 36. Qe4 Rh5 37. Qe2 Be5 38. Rg1 e6 39. Qg2 Rf5 40. Bxe5 Qxe5 41. Qg8+ 1-0

[Event "Frankfurter Stadtmeisterschaft 2026 A"]
[Site "Frankfurt am Main"]
[Date "2026.05.18"]
[Round "4.7"]
[White "May, Franz"]
[Black "Shanawaz Thabrez, Shahzaib"]
[Result "0-1"]
[WhiteElo "1720"]
[BlackElo "2058"]
[PlyCount "38"]
[GameId "2309018967756816"]
[EventDate "2026.04.27"]
[WhiteTeam "Freibauer Mörlenbach-Birkenau"]
[BlackTeam "SK Langen"]

1. e4 e5 2. Nf3 Nc6 3. Bc4 Nf6 4. Ng5 d5 5. exd5 Na5 6. Bb5+ c6 7. dxc6 bxc6 8. Be2 h6 9. Nf3 e4 10. Ng1 Bc5 11. c3 Qb6 12. d4 exd3 13. Qxd3 Bxf2+ 14. Kf1 Bxg1 15. Rxg1 Be6 16. Be3 Qxb2 17. Bc5 Qxa1 18. Qd6 Qxb1+ 19. Kf2 Ne4+ 0-1

[Event "Frankfurter Stadtmeisterschaft 2026 A"]
[Site "Frankfurt am Main"]
[Date "2026.05.18"]
[Round "4.8"]
[White "Rabiya, Karim"]
[Black "Reus, Rudolf"]
[Result "1/2-1/2"]
[WhiteElo "1786"]
[BlackElo "2207"]
[PlyCount "103"]
[GameId "2309018967785489"]
[EventDate "2026.04.27"]
[WhiteTeam "SK Niederbrechen 1948"]
[BlackTeam "Sfr.Mainz 1928"]

1. e4 c5 2. Nf3 Nc6 3. Bb5 g6 4. O-O Bg7 5. Re1 Nd4 6. Nxd4 cxd4 7. c3 a6 8. Bf1 dxc3 9. Nxc3 e5 10. a4 Ne7 11. Bc4 O-O 12. d3 Nc6 13. b4 d6 14. b5 Nd4 15. Be3 Be6 16. Bxd4 Bxc4 17. dxc4 exd4 18. Nd5 b6 19. bxa6 Rxa6 20. Rb1 Qd7 21. Rb5 Qa7 22. Qb3 Rxa4 23. Rxb6 Ra3 24. Qb4 d3 25. Qxd6 Ra1 26. Reb1 Rxb1+ 27. Rxb1 Bd4 28. e5 Bxf2+ 29. Kh1 Bh4 30. Nf6+ Bxf6 31. exf6 h5 32. Qxd3 Qa6 33. Qd4 Rc8 34. c5 Qa3 35. h4 Qxc5 36. Qf4 Qc4 37. Qg5 Qg4 38. Qxg4 hxg4 39. Kh2 Rc6 40. Rf1 Kh7 41. Kg3 g5 42. hxg5 Kg6 43. Kxg4 Rc5 44. Kh4 Rxg5 45. g4 Ra5 46. Rf4 Ra6 47. g5 Ra5 48. Rg4 Rb5 49. Rg1 Rb4+ 50. Kh3 Rb3+ 51. Kh4 Rb4+ 52. Rg4 1/2-1/2

[Event "Frankfurter Stadtmeisterschaft 2026 A"]
[Site "Frankfurt am Main"]
[Date "2026.05.18"]
[Round "4.9"]
[White "Hensel, Roman"]
[Black "Steigleder, Maximilian"]
[Result "0-1"]
[WhiteElo "1840"]
[BlackElo "2087"]
[PlyCount "80"]
[GameId "2309018967785490"]
[EventDate "2026.04.27"]
[WhiteTeam "SV Oberursel"]
[BlackTeam "Sfr.1932 Kelkheim"]

1. e4 d6 2. d4 Nf6 3. Nc3 e5 4. dxe5 dxe5 5. Qxd8+ Kxd8 6. Bc4 Be6 7. Bxe6 fxe6 8. Be3 Bd6 9. O-O-O Ke7 10. f3 c6 11. Nh3 Rf8 12. Na4 Nbd7 13. b3 b5 14. Nb2 Bc5 15. Bxc5+ Nxc5 16. Nd3 Nxd3+ 17. Rxd3 Rad8 18. Rhd1 Rxd3 19. Rxd3 g5 20. g4 h6 21. Kd2 Nd7 22. Ke3 c5 23. Nf2 Nb8 24. Rd1 Nc6 25. Nd3 Nd4 26. Nxe5 Kd6 27. c3 Kxe5 28. cxd4+ cxd4+ 29. Ke2 Rc8 30. h4 Rc2+ 31. Kd3 Rf2 32. hxg5 hxg5 33. Rc1 Rxf3+ 34. Kd2 Kxe4 35. Rc5 d3 36. Rxg5 Rf2+ 37. Kd1 e5 38. a4 Kd4 39. axb5 Rf1+ 40. Kd2 e4 0-1

[Event "Frankfurter Stadtmeisterschaft 2026 A"]
[Site "Frankfurt am Main"]
[Date "2026.05.18"]
[Round "4.10"]
[White "Ewers, Christian"]
[Black "Reschke, Thomas"]
[Result "0-1"]
[WhiteElo "1834"]
[BlackElo "2030"]
[PlyCount "60"]
[GameId "2309018967785491"]
[EventDate "2026.04.27"]
[WhiteTeam "SC Hansa Dortmund e. V."]
[BlackTeam "SC Frankfurt-West"]

1. e4 g6 2. d4 Bg7 3. c4 d6 4. Nc3 Nc6 5. Be3 e5 6. d5 Nd4 7. Nge2 Nxe2 8. Bxe2 f5 9. Bf3 Nf6 10. h3 Qe7 11. g3 Bd7 12. b4 a5 13. bxa5 Rxa5 14. a4 O-O 15. Bg5 h6 16. Bxf6 Qxf6 17. Bg2 f4 18. g4 Rc5 19. Bf3 Rxc4 20. Qb3 Rc5 21. Kd2 Qh4 22. Ke2 Kh7 23. Nb1 c6 24. Ra2 cxd5 25. Nd2 d4 26. Qxb7 d3+ 27. Ke1 Rc1+ 28. Bd1 Bxg4 29. hxg4 Qxh1+ 30. Nf1 Rxd1+ 0-1

[Event "Frankfurter Stadtmeisterschaft 2026 A"]
[Site "Frankfurt am Main"]
[Date "2026.05.18"]
[Round "4.11"]
[White "Rondonuwu, Grover"]
[Black "Clauss, Hendrik"]
[Result "1-0"]
[WhiteElo "2004"]
[BlackElo "1778"]
[PlyCount "69"]
[GameId "2309018967785492"]
[EventDate "2026.04.27"]
[WhiteTeam "Sabt Frankfurter TV 1860"]
[BlackTeam "SC Bergen-Enkheim 1922"]

1. d4 e6 2. Bf4 c5 3. e3 Nf6 4. Nf3 d5 5. Nc3 a6 6. dxc5 Bxc5 7. a3 Nc6 8. Bd3 h6 9. Ne5 Bd6 10. Ng4 Bxf4 11. exf4 Nxg4 12. Qxg4 Qf6 13. O-O O-O 14. Qg3 Ne7 15. Rfe1 Bd7 16. Re2 Bc6 17. Rae1 Rad8 18. Re5 b5 19. Qg4 Rfe8 20. Ne2 Nf5 21. Ng3 Nxg3 22. hxg3 Kf8 23. Qe2 Rc8 24. Qd2 Bb7 25. g4 Bc6 26. g5 hxg5 27. fxg5 Qd8 28. g6 Qf6 29. Qb4+ Kg8 30. Qg4 Re7 31. Qh5 fxg6 32. Bxg6 Rf7 33. Qh7+ Kf8 34. Qg8+ Ke7 35. Rxe6+ 1-0

[Event "Frankfurter Stadtmeisterschaft 2026 A"]
[Site "Frankfurt am Main"]
[Date "2026.05.18"]
[Round "4.12"]
[White "Hochmuth, Christian"]
[Black "Held, Bernhard"]
[Result "1/2-1/2"]
[WhiteElo "2000"]
[BlackElo "1828"]
[PlyCount "120"]
[GameId "2309018967785493"]
[EventDate "2026.04.27"]
[WhiteTeam "Schachdrachen Büdingen-Wächtersb"]
[BlackTeam "SK 1908 Göggingen"]

1. d4 Nf6 2. c4 e6 3. Nf3 d5 4. Nc3 Bb4 5. cxd5 exd5 6. Bg5 h6 7. Bh4 O-O 8. e3 c5 9. Bxf6 Qxf6 10. Be2 Nc6 11. Rc1 c4 12. O-O Bxc3 13. bxc3 Bf5 14. Nd2 Qg6 15. Bf3 Rad8 16. Re1 Rfe8 17. Nf1 b5 18. Ng3 Bd3 19. Ne2 Qg5 20. Nf4 Bh7 21. Qd2 a5 22. a3 Rd7 23. Ra1 Qd8 24. Qb2 g5 25. Nh5 Na7 26. a4 Qb6 27. axb5 Nxb5 28. Nf6+ Qxf6 29. Qxb5 Red8 30. Rxa5 Qe6 31. Ra6 Rd6 32. Rea1 g4 33. Rxd6 Rxd6 34. Qb8+ Kg7 35. Bxg4 Ra6 36. Rxa6 Qxa6 37. Qb2 Bd3 38. Bf3 Qa4 39. h3 Qa5 40. Kh2 Qc7+ 41. Kg1 Qa5 42. Bd1 Qa6 43. Qd2 Qa1 44. Kh2 Qb1 45. Bf3 Qb8+ 46. g3 Qa8 47. Qb2 Qa5 48. Kg2 Qa4 49. Kh2 Qa5 50. Bg2 Bg6 51. h4 Bd3 52. Bf3 Bh7 53. h5 Bd3 54. Qb8 Qa2 55. Qe5+ Kg8 56. Qe8+ Kg7 57. Qe5+ Kg8 58. Kg2 Qa1 59. Qe8+ Kg7 60. Qe5+ Kg8 1/2-1/2

[Event "Frankfurter Stadtmeisterschaft 2026 A"]
[Site "Frankfurt am Main"]
[Date "2026.05.18"]
[Round "4.15"]
[White "Bittner, Peter"]
[Black "Teschler, Ulrich"]
[Result "0-1"]
[WhiteElo "1892"]
[BlackElo "1961"]
[PlyCount "162"]
[GameId "2309018967785496"]
[EventDate "2026.04.27"]
[WhiteTeam "SC 1961 König Nied"]
[BlackTeam "SV 1926 Fechenheim"]

1. d4 d5 2. Bf4 Nf6 3. Nf3 Ne4 4. e3 Nd7 5. c4 c6 6. Nc3 Ndf6 7. cxd5 Nxc3 8. bxc3 Nxd5 9. Qc2 Nxf4 10. exf4 Qc7 11. Qd2 g6 12. Bc4 Bg7 13. O-O O-O 14. Ne5 b5 15. Bb3 e6 16. a4 Bb7 17. Qe3 Rfe8 18. Rfe1 a6 19. Nd3 Bh6 20. g3 Bf8 21. Qe5 Bd6 22. Qe3 Rac8 23. Rec1 Bf8 24. Qe5 Bd6 25. Qe3 c5 26. dxc5 Bxc5 27. Nxc5 Qxc5 28. Qxc5 Rxc5 29. axb5 axb5 30. Ra7 Bf3 31. Bd1 Bd5 32. Ra5 Rec8 33. Be2 Rxc3 34. Rxc3 Rxc3 35. f3 b4 36. Rb5 b3 37. Kf2 Rc2 38. Rb8+ Kg7 39. Ke3 Ra2 40. h4 b2 41. Bd3 Kf6 42. g4 h6 43. g5+ Kg7 44. Rb4 h5 45. Kd4 b1=Q 46. Rxb1 Rh2 47. Be4 Bxe4 48. fxe4 Rxh4 49. Ke5 Rg4 50. Rb8 Rg3 51. Rc8 Ra3 52. Rd8 h4 53. Rd2 Rf3 54. Rh2 h3 55. Rh1 Kf8 56. Kd4 Rxf4 57. Rxh3 Rg4 58. Ke5 Kg7 59. Rb3 Rxg5+ 60. Kf4 Ra5 61. Rg3 f6 62. Rb3 g5+ 63. Kg4 Kg6 64. Rb4 f5+ 65. exf5+ exf5+ 66. Kg3 Ra3+ 67. Kg2 Kh5 68. Rd4 f4 69. Rd5 Kg4 70. Rd2 Kh4 71. Kh1 f3 72. Kh2 Re3 73. Kg1 g4 74. Rh2+ Kg3 75. Rg2+ Kf4 76. Ra2 Re4 77. Ra8 Re1+ 78. Kf2 Re2+ 79. Kf1 Rb2 80. Ra4+ Kg3 81. Ra1 Rh2 0-1

[Event "Frankfurter Stadtmeisterschaft 2026 A"]
[Site "Frankfurt am Main"]
[Date "2026.05.18"]
[Round "4.17"]
[White "Roth, Daniel"]
[Black "Beinrucker, Clemens"]
[Result "0-1"]
[WhiteElo "1804"]
[BlackElo "1951"]
[PlyCount "32"]
[GameId "2309018967785498"]
[EventDate "2026.04.27"]
[WhiteTeam "SC Matt im Park Ffm"]
[BlackTeam "SK Niederbrechen 1948"]

1. e4 c5 2. c3 e6 3. d4 d5 4. exd5 exd5 5. Nf3 Nc6 6. Be2 Nf6 7. O-O Bd6 8. Bg5 Be6 9. c4 dxc4 10. d5 Bxd5 11. Bxf6 gxf6 12. Nc3 Be6 13. Ne4 Be7 14. Qc2 b5 15. Rad1 Nd4 16. Kh1 Nxc2 0-1

[Event "Frankfurter Stadtmeisterschaft 2026 A"]
[Site "Frankfurt am Main"]
[Date "2026.05.18"]
[Round "4.18"]
[White "Gärtner, Peter"]
[Black "Ottenburg, Ralph"]
[Result "0-1"]
[WhiteElo "1742"]
[BlackElo "1953"]
[PlyCount "114"]
[GameId "2309018967785499"]
[EventDate "2026.04.27"]
[WhiteTeam "Sfr.Mainz 1928"]
[BlackTeam "Sabt Frankfurter TV 1860"]

1. Nf3 d5 2. d4 Nf6 3. e3 c6 4. Bd3 Bg4 5. Nbd2 Nbd7 6. h3 Bh5 7. g4 Bg6 8. Qe2 Ne4 9. Nh4 Nxd2 10. Nxg6 hxg6 11. Bxd2 e6 12. O-O-O Qb6 13. c3 O-O-O 14. f4 c5 15. dxc5 Nxc5 16. Bb1 Kb8 17. Be1 Rc8 18. Rd4 Na6 19. Bc2 Bc5 20. Rd3 Rc7 21. Bg3 f5 22. g5 Rhc8 23. Bb3 Nb4 24. Rhd1 Nxd3+ 25. Rxd3 Qb5 26. Kb1 a5 27. Qd1 Qa6 28. a4 Qb6 29. Bf2 Rh8 30. h4 Rhc8 31. Ka2 Qa6 32. Qc2 Ka8 33. Rd1 b6 34. Qd3 Qxd3 35. Rxd3 Kb7 36. Kb1 Ra8 37. Kc2 b5 38. Kd2 b4 39. c4 dxc4 40. Bxc4 Bxe3+ 41. Rxe3 Rxc4 42. Rxe6 Rd8+ 43. Ke3 b3 44. Rxg6 Re4+ 45. Kf3 Rd3+ 46. Kg2 Rxf4 47. Rxg7+ Kc6 48. Rg8 Rd2 49. Rc8+ Kd7 50. Rc3 Rfxf2+ 51. Kg3 Rxb2 52. Rc5 Rbc2 53. Rxa5 b2 54. Rd5+ Ke6 55. Rd1 f4+ 56. Kg4 Rc1 57. Rxc1 bxc1=Q 0-1

[Event "Frankfurter Stadtmeisterschaft 2026 A"]
[Site "Frankfurt am Main"]
[Date "2026.05.18"]
[Round "4.23"]
[White "Gerhard, Dominik"]
[Black "Wundram, Til"]
[Result "1-0"]
[WhiteElo "1772"]
[BlackElo "1557"]
[PlyCount "37"]
[GameId "2309018967851040"]
[EventDate "2026.04.27"]
[WhiteTeam "SV Oberursel"]

1. c4 c5 2. Nf3 Nc6 3. d4 cxd4 4. Nxd4 e6 5. Nc3 a6 6. a3 Bc5 7. Nb3 Ba7 8. Bf4 f5 9. Bd6 Nge7 10. g3 O-O 11. Bg2 Rf6 12. O-O b6 13. e4 e5 14. Bxe7 Qxe7 15. Nd5 Qf7 16. Nxf6+ Qxf6 17. exf5 Qxf5 18. Bd5+ Kh8 19. Bxc6 1-0

[Event "Frankfurter Stadtmeisterschaft 2026 A"]
[Site "Frankfurt am Main"]
[Date "2026.05.18"]
[Round "4.24"]
[White "Lopez Fuertes, Victor"]
[Black "Dieter, Jürgen"]
[Result "0-1"]
[WhiteElo "1749"]
[BlackElo "1757"]
[PlyCount "76"]
[GameId "2309018967851041"]
[EventDate "2026.04.27"]
[WhiteTeam "SC 1910 Höchst"]
[BlackTeam "Wiesbadener SV 1885"]

1. e4 e5 2. Nf3 Nc6 3. d4 exd4 4. Nxd4 Nf6 5. Nc3 Bb4 6. Nxc6 bxc6 7. Bd3 O-O 8. O-O d5 9. exd5 cxd5 10. Bg5 c6 11. a3 Be7 12. Bxf6 Bxf6 13. Rb1 Be6 14. Ne2 a5 15. c3 c5 16. Nf4 Re8 17. Bb5 Re7 18. Bc6 Rb8 19. Bxd5 Bf5 20. Ra1 Be5 21. Qh5 Rd7 22. Rfd1 g6 23. Qf3 Rxb2 24. c4 Qc7 25. g3 a4 26. h4 Rb3 27. Nd3 Bf6 28. Ra2 Kg7 29. h5 Qa5 30. g4 Bxd3 31. Rxd3 Qe1+ 32. Kg2 Rb1 33. h6+ Kf8 34. Qxf6 Qf1+ 35. Kh2 Qxd3 36. Qh8+ Ke7 37. Qe5+ Kd8 38. Qb8+ Rxb8 0-1

[Event "Frankfurter Stadtmeisterschaft 2026 A"]
[Site "Frankfurt am Main"]
[Date "2026.05.18"]
[Round "4.25"]
[White "Arslan, Abdussamed"]
[Black "Laufenburg, Frank"]
[Result "1-0"]
[WhiteElo "1669"]
[BlackElo "1858"]
[PlyCount "35"]
[GameId "2309018967851042"]
[EventDate "2026.04.27"]
[WhiteTeam "SF Schöneck"]
[BlackTeam "SC Bergen-Enkheim 1922"]

1. e4 d5 2. exd5 Nf6 3. Nf3 Qxd5 4. Nc3 Qa5 5. d4 c6 6. h3 e6 7. Bd3 Be7 8. O-O O-O 9. Re1 Nbd7 10. Bd2 Qc7 11. Ne5 a6 12. Bf4 Bd6 13. Ne4 Nd5 14. Nxd7 Nxf4 15. Nxf8 Nxd3 16. Nxe6 Bxe6 17. Qxd3 Bf4 18. Nc5 1-0

[Event "Frankfurter Stadtmeisterschaft 2026 A"]
[Site "Frankfurt am Main"]
[Date "2026.05.18"]
[Round "4.28"]
[White "Mühlbach, Christian"]
[Black "Schäfers, Serge"]
[Result "1/2-1/2"]
[WhiteElo "1845"]
[BlackElo "1846"]
[PlyCount "99"]
[GameId "2309018967851045"]
[EventDate "2026.04.27"]
[WhiteTeam "SK Langen"]
[BlackTeam "TSV Bindlach Aktionär"]

1. Nf3 b6 2. d4 Bb7 3. Nc3 e6 4. e4 Bb4 5. Bd3 Nf6 6. Qe2 Bxc3+ 7. bxc3 h6 8. Ba3 d6 9. O-O O-O 10. Rae1 Re8 11. h3 Nbd7 12. Nh2 Nf8 13. f4 N6h7 14. e5 f5 15. exf6 Nxf6 16. Ng4 N8d7 17. Bg6 Re7 18. Nxf6+ Nxf6 19. f5 e5 20. Bc1 Qd7 21. Qf2 e4 22. Qh4 Qc6 23. Bxh6 e3 24. Rf3 Qxc3 25. Rfxe3 Rxe3 26. Rxe3 Qxc2 27. Rg3 Qe4 28. Qg5 Qxd4+ 29. Kh2 Ne4 30. Bh7+ Kf7 31. Qg6+ Ke7 32. Qe6+ Kd8 33. Rxg7 Qe5+ 34. Qxe5 dxe5 35. Rg8+ Ke7 36. Rxa8 Bxa8 37. Bg7 Nf6 38. g4 Nxh7 39. Bxe5 c5 40. h4 Be4 41. Kg3 b5 42. Kf4 Bd5 43. a3 b4 44. axb4 cxb4 45. g5 a5 46. h5 a4 47. h6 Nxg5 48. Kxg5 Bg8 49. Bb2 Kf7 50. f6 1/2-1/2

[Event "Frankfurter Stadtmeisterschaft 2026 A"]
[Site "Frankfurt am Main"]
[Date "2026.05.18"]
[Round "4.31"]
[White "Stricker, Konstantin"]
[Black "Schweitzer, Stefan"]
[Result "0-1"]
[WhiteElo "1799"]
[BlackElo "1851"]
[PlyCount "94"]
[GameId "2309018967851048"]
[EventDate "2026.04.27"]
[WhiteTeam "SC Eschbach im Usinger Land"]
[BlackTeam "SF Frankfurt 1921"]

1. e4 c5 2. Nf3 e6 3. Nc3 Nc6 4. d4 cxd4 5. Nxd4 Qc7 6. Be3 a6 7. Be2 b5 8. a3 Nf6 9. O-O Bb7 10. f4 Nxd4 11. Qxd4 Rc8 12. Qd3 d5 13. e5 Ne4 14. Nxe4 dxe4 15. Qd2 Qxc2 16. Rac1 Qxd2 17. Rxc8+ Qd8 18. Rxd8+ Kxd8 19. Bb6+ Kd7 20. Rc1 Bc6 21. Rd1+ Kc8 22. Rd8+ Kb7 23. Be3 Kc7 24. Rd2 Be7 25. Kf2 Rd8 26. Rxd8 Kxd8 27. Bb6+ Kd7 28. Ke3 f5 29. g3 Bd5 30. b4 Kc6 31. Ba5 g5 32. Bf1 Bb3 33. Be2 Kd5 34. Bf1 Bc4 35. Bg2 Bd3 36. Bc7 g4 37. h3 h5 38. h4 Kc4 39. Bd6 Bd8 40. Bc5 Kb3 41. Kd4 Kxa3 42. Kc3 Ka4 43. Bd6 a5 44. Bc5 axb4+ 45. Kb2 Ba5 46. Bd4 b3 47. Bf2 Bb4 0-1

[Event "Frankfurter Stadtmeisterschaft 2026 A"]
[Site "Frankfurt am Main"]
[Date "2026.05.18"]
[Round "4.32"]
[White "Diehl, Stefan"]
[Black "Graf, Michael"]
[Result "1-0"]
[WhiteElo "1799"]
[BlackElo "1764"]
[PlyCount "59"]
[GameId "2309018967851049"]
[EventDate "2026.04.27"]
[WhiteTeam "SC 1910 Höchst"]
[BlackTeam "SC Eschborn 1974"]

1. f4 Nh6 2. Nf3 g6 3. e4 d5 4. exd5 Qxd5 5. Nc3 Qd6 6. d3 Bg7 7. Ne4 Qb6 8. c3 c5 9. Qb3 Qc7 10. Qd5 Na6 11. Nfg5 e6 12. Qd6 b6 13. d4 Qe7 14. Bxa6 Bxa6 15. Qc6+ Qd7 16. Qxd7+ Kxd7 17. dxc5 Nf5 18. Nxf7 Rhf8 19. Nfg5 h6 20. Nf3 Bb7 21. Ng3 Bxf3 22. Nxf5 Rxf5 23. gxf3 Rxc5 24. Be3 Rf5 25. Rg1 g5 26. fxg5 hxg5 27. Rxg5 Rf7 28. Ke2 Raf8 29. Rf1 Be5 30. Rxe5 1-0

[Event "Frankfurter Stadtmeisterschaft 2026 A"]
[Site "Frankfurt am Main"]
[Date "2026.05.18"]
[Round "4.33"]
[White "Olesko, Calvin Cris"]
[Black "Grinberg, Igor"]
[Result "1-0"]
[WhiteElo "1713"]
[BlackElo "1600"]
[PlyCount "87"]
[GameId "2309018967851050"]
[EventDate "2026.04.27"]
[BlackTeam "SAbt TuS Makkabi Ffm"]

1. d4 d5 2. c4 c6 3. cxd5 cxd5 4. Nc3 Nf6 5. Nf3 Nc6 6. Bf4 Bf5 7. Nb5 Qa5+ 8. Nc3 e6 9. a3 Ne4 10. Qb3 b5 11. Rc1 Bg4 12. Qxb5 Qxb5 13. Nxb5 Kd7 14. e3 a6 15. Nc7 Rb8 16. b4 Nxb4 17. axb4 Bxb4+ 18. Ke2 Nc3+ 19. Rxc3 Bxc3 20. Nxa6 Rb2+ 21. Kd3 Bxf3 22. Kxc3 Rxf2 23. gxf3 Rc8+ 24. Nc5+ Ke7 25. Ba6 Ra8 26. Rf1 Ra2 27. Bd3 R2a3+ 28. Kb4 Ra2 29. Rg1 g6 30. e4 Rb2+ 31. Kc3 Rba2 32. exd5 R8a3+ 33. Kc4 exd5+ 34. Kxd5 Ra5 35. Re1+ Kd8 36. Kd6 Rb2 37. Re7 Rb6+ 38. Kd5 Kxe7 39. Bc7 Rbb5 40. Bxa5 Rxa5 41. Kc6 Ra2 42. d5 Rxh2 43. d6+ Kd8 44. Nb7+ 1-0

[Event "Frankfurter Stadtmeisterschaft 2026 A"]
[Site "Frankfurt am Main"]
[Date "2026.05.18"]
[Round "4.34"]
[White "Wagner, Günter"]
[Black "Röckle, Silas"]
[Result "1-0"]
[WhiteElo "1810"]
[BlackElo "1650"]
[PlyCount "117"]
[GameId "2309018967851051"]
[EventDate "2026.04.27"]
[WhiteTeam "SV 1946 Groß-Gerau"]
[BlackTeam "SF Frankfurt 1921"]

1. c4 c5 2. g3 Nf6 3. Bg2 d5 4. cxd5 Nxd5 5. Nc3 e6 6. Nf3 Be7 7. O-O O-O 8. d3 Nc6 9. Bd2 a6 10. Rc1 Nxc3 11. Bxc3 Bd7 12. Ne5 Rc8 13. Nxd7 Qxd7 14. Qa4 Rfd8 15. Qg4 Bf8 16. h4 e5 17. Qxd7 Rxd7 18. Bh3 Rcd8 19. Bxd7 Rxd7 20. Rfd1 Be7 21. a3 h5 22. Bd2 Nd4 23. Kf1 Kf8 24. Be3 Ne6 25. Rc4 b5 26. Rc2 e4 27. Rcd2 exd3 28. Rxd3 Rxd3 29. Rxd3 Ke8 30. Bd2 c4 31. Rd5 g6 32. Bc3 Nc7 33. Re5 Kd7 34. Re4 Ne6 35. g4 hxg4 36. Rxg4 Nf8 37. Rd4+ Ke6 38. Re4+ Kd7 39. Bd2 Ne6 40. Bc3 f5 41. Re3 Bxh4 42. Bb4 Bf6 43. b3 cxb3 44. Rxb3 Ke8 45. Rd3 Be7 46. Re3 Kf7 47. Rc3 Bxb4 48. axb4 Nd4 49. e3 Ne6 50. Rc6 Kf6 51. Rxa6 Ke5 52. Ke2 f4 53. Rxe6+ Kxe6 54. exf4 Kd6 55. Kd3 Kd5 56. f3 Ke6 57. Kd4 Kd6 58. f5 gxf5 59. f4 1-0

[Event "Frankfurter Stadtmeisterschaft 2026 A"]
[Site "Frankfurt am Main"]
[Date "2026.05.18"]
[Round "4.35"]
[White "Basedow, Marc"]
[Black "Besirevic, Adem"]
[Result "0-1"]
[WhiteElo "1635"]
[BlackElo "1752"]
[PlyCount "88"]
[GameId "2309018967851052"]
[EventDate "2026.04.27"]
[WhiteTeam "SC Bad Soden"]
[BlackTeam "Bad Vilbeler Sfr. 1985"]

1. d4 Nf6 2. Nf3 g6 3. e3 Bg7 4. Nbd2 d5 5. b3 a6 6. c4 c6 7. Bd3 O-O 8. O-O Re8 9. e4 dxe4 10. Nxe4 Bg4 11. Bb2 Nxe4 12. Bxe4 Bxf3 13. Bxf3 c5 14. Bxb7 Ra7 15. Bf3 cxd4 16. Qd3 e5 17. Rfe1 Rae7 18. Rad1 Kh8 19. h4 Nd7 20. Ba3 Re6 21. Bd5 Rf6 22. g4 Rf4 23. Qg3 Nf6 24. Bf3 Qd7 25. Bc1 Rxf3 26. Qxf3 Nxg4 27. Qh3 f5 28. h5 gxh5 29. Qxh5 Nf6 30. Qh3 Rg8 31. Kf1 e4 32. Bg5 Ng4 33. f3 exf3 34. Re7 Qd6 35. Rd2 h6 36. Bh4 Qf4 37. Be1 f2 38. Bxf2 Nxf2 39. Rxf2 Qc1+ 40. Ke2 Qc2+ 41. Ke1 Qb1+ 42. Ke2 Qxa2+ 43. Kf1 Qa3 44. Rxf5 Qxe7 0-1